Movies Quiz

Random Movies or Clickable Quiz

Last Ten Best Director Oscars Quiz Stats

 Plays Quiz not verified by Sporcle

Score 0/10 Timer 02:00
0 Plays Today
% Correct
Guillermo del Toro (The Shape of Water)
79.8%
Alfonso Cuarón (Roma)
75.3%
Damien Chazelle (La La Land)
71.7%
Alejandro G. Iñárritu (Birdman)
71.7%
Alfonso Cuarón (Gravity)
66.7%
Alejandro G. Iñárritu (The Revenant)
66.1%
Kathryn Bigelow (The Hurt Locker)
64.3%
Tom Hooper (The King's Speech)
56.6%
Ang Lee (Life of Pi)
54.2%
Michel Hazanavicius (The Artist)
53.3%

You're not logged in!

Compare scores with friends on all Sporcle quizzes.
OR
Log In

Show Comments

Extras

Top Quizzes Today


Score Distribution

Your Account Isn't Verified!

In order to create a playlist on Sporcle, you need to verify the email address you used during registration. Go to your Sporcle Settings to finish the process.

Report this User

Report this user for behavior that violates our Community Guidelines.

Details: